| Tag |
First Indicator |
Second Indicator |
Subfields |
| LEADER |
00000nam a2200000 i 4500 |
| 001 |
in00004009721 |
| 005 |
20181022125048.0 |
| 006 |
m o d f |
| 007 |
cr mn||||||||| |
| 008 |
180910e201807 coua o f000 0 eng c |
| 035 |
|
|
|a (OCoLC)on1051223734
|
| 042 |
|
|
|a pcc
|
| 040 |
|
|
|a GPO
|b eng
|e rda
|e pn
|c GPO
|d MvI
|
| 049 |
|
|
|a WWW
|
| 074 |
|
|
|a 0430-P-20 (online)
|
| 086 |
0 |
|
|a E 9.16/2:12-496
|
| 245 |
0 |
0 |
|a Technology transfer of the CIGS technology from the laboratory to PVMC :
|b cooperative research and development report.
|
| 246 |
3 |
|
|a Technology transfer of the CuInGaSe2 technology from the laboratory to Programmable Vector Memory Controller
|
| 264 |
|
1 |
|a Golden, CO :
|b National Renewable Energy Laboratory,
|c July 2018.
|
| 300 |
|
|
|a 1 online resource (5 pages) :
|b illustrations (some color).
|
| 336 |
|
|
|a text
|b txt
|2 rdacontent
|
| 337 |
|
|
|a computer
|b c
|2 rdamedia
|
| 338 |
|
|
|a online resource
|b cr
|2 rdacarrier
|
| 490 |
1 |
|
|a CRADA report
|
| 490 |
1 |
|
|a NREL/TP ;
|v 5J00-71838
|
| 500 |
|
|
|a "July 2018."
|
| 500 |
|
|
|a "CRADA number: CRD-12-496."
|
| 536 |
|
|
|b DE-AC36-08GO28308
|
| 588 |
|
|
|a Description based on online resource; title from PDF title page (NREL, viewed Sept. 10, 2018).
|
| 650 |
|
0 |
|a Photovoltaic cells
|x Research.
|
| 650 |
|
0 |
|a Solar cells
|x Research.
|
| 650 |
|
0 |
|a Technology transfer.
|
| 830 |
|
0 |
|a CRADA report.
|
| 830 |
|
0 |
|a NREL/TP ;
|v 5J00-71838.
|
| 856 |
4 |
0 |
|u https://purl.fdlp.gov/GPO/gpo108216
|t 0
|
| 999 |
f |
f |
|s 7e5347f3-77ed-3c00-b51f-16cd3ad8c56a
|i f2148e1a-caec-31fd-a300-40c916e17a98
|t 0
|
| 952 |
f |
f |
|a Texas A&M University
|b College Station
|c Electronic Resources
|d Available Online
|t 0
|e E 9.16/2:12-496
|h Superintendent of Documents classification
|
| 998 |
f |
f |
|a E 9.16/2:12-496
|t 0
|l Available Online
|